Statistics for Provinces of the Great Seljuk Empire with a Map

Click here to take the quiz!

General Stats

  • This quiz has been taken 624 times
    (522 since last reset)
  • The average score is 13 of 41

Answers on the Map

Answers color-coded by a green-red scale on the quiz's map according to % correct below.
 

Answer Stats

Provinces% Correct
Arminiya
90%
Sham
89%
Fars
88%
Georgia
88%
Iraq
86%
Oman
74%
Azerbaijan
72%
Mecca
57%
Rûm
51%
Khorasan
45%
Shirvan
40%
Smyrna
40%
Damascus
31%
Khwarazm
31%
Khuzestan
27%
Kerman
25%
Sistan
25%
Tiflis
23%
Al-Jazira
20%
Erzurum
20%
Tabaristan
19%
Artsakh
18%
Tokharistan
16%
Derbent
15%
Jibal
15%
Arran
14%
Mengüjekids
14%
Daylam
13%
Kara-Khanids
13%
Danishmendids
12%
Dilmaç
12%
Yazd
12%
Ani
10%
Kakheti-Hereti
10%
Gorgan
9%
Syunik
8%
Beylagan
7%
Çubukoğulları
7%
Dizak
7%
Khuttal
7%
Tashir-Dzoraget
7%

Score Distribution

Percentile by Number Answered

Percent of People with Each Score

Your Score History

You have not taken this quiz since the last reset